| 000 | 01280 a2200193 4500 | ||
|---|---|---|---|
| 001 | 54295 | ||
| 005 | 20260407155814.0 | ||
| 008 | 260407a2015 arg spa d | ||
| 003 | AR-UNSa-BCEJYS | ||
| 040 |
_aAR-UNSa-BCEJYS _bspa _cAR-UNSa-BCEJYS |
||
| 080 |
_a330.322.14 _xInversión pública. Inversión estatal |
||
| 245 | 1 | 0 | _aDecisiones de inversión en la empresa privada argentina |
| 264 | 1 |
_aBuenos Aires : _bEdiciones Macchi _c2015 |
|
| 300 |
_a269 p. _c23 cm. |
||
| 505 | _a1. Concepto, características y clasificación de las inversiones - 2. El criterio del estado financiero o contable - 3. Criterios basados en los ingresos de fondos - 4. Criterios basados en los ingresos de fondos y el valor-tiempo del dinero.El criterio de la tasa interna de rendimiento del proyecto - 5. Criterios basados en los ingresos de fondos y el valor-tiempo del dinero.El criterio del valor actual neto - 6. Factores que afectan a las decisones de inversión genrral - 7. Factores que distorsionan o traban el proceso de realización de inversiones en la argentina - 8. De ciertos aspectos legales e impositivos que influyen sobre las decisiones de inversión en la Argentina - 9. Conclusiones | ||
| 942 | _cBK | ||
| 590 | _aniveau_biblio:m niveau_hierar:0 | ||
| 100 | 1 | _aKrasuk, Jorge L. | |
| 999 |
_c5464 _d5464 |
||